000
00259nam a2200109Ia 4500
008
230917s9999||||xx |||||||||||||| ||und||
040
_e
191186
_a
MAIN
041
_a
English
100
_a
Goel, Shri Ram
245
0
_a
Vishwa ki prachin sabhyatayen
942
_c
BK
999
_c
185966
_d
185966